Solved papers of Staff Selection Commission (SSC) (Record no. 9413)
[ view plain ]
| 000 -LEADER | |
|---|---|
| fixed length control field | 00536cam a2200205ua 4500 |
| 008 - FIXED-LENGTH DATA ELEMENTS--GENERAL INFORMATION | |
| fixed length control field | 190206n ii |||gr||||Z||||||eng |
| 020 ## - INTERNATIONAL STANDARD BOOK NUMBER | |
| International Standard Book Number | 9789311123622 |
| 040 ## - CATALOGING SOURCE | |
| Transcribing agency | MAIN |
| 041 ## - LANGUAGE CODE | |
| -- | eng |
| 082 ## - DEWEY DECIMAL CLASSIFICATION NUMBER | |
| Classification number | 030 |
| 100 ## - MAIN ENTRY--PERSONAL NAME | |
| Personal name | Anurag Kumar, |
| Relator term | |
| 245 ## - TITLE STATEMENT | |
| Title | Solved papers of Staff Selection Commission (SSC) |
| Remainder of title | general studies |
| 260 ## - PUBLICATION, DISTRIBUTION, ETC. | |
| Place of publication, distribution, etc. | Meerut: |
| Name of publisher, distributor, etc. | Arihant. |
| 300 ## - PHYSICAL DESCRIPTION | |
| Extent | 678+17 p. |
| 700 ## - ADDED ENTRY--PERSONAL NAME | |
| Personal name | Hari Narayan Dwivedi, |
| Relator term | |
| 942 ## - ADDED ENTRY ELEMENTS (KOHA) | |
| Koha item type | Books |
| 653 ## - INDEX TERM--UNCONTROLLED | |
| Uncontrolled term | General encyclopedic works |
| 653 ## - INDEX TERM--UNCONTROLLED | |
| Uncontrolled term | General studies |
| Withdrawn status | Lost status | Damaged status | Not for loan | Home library | Current library | Shelving location | Date acquired | Total Checkouts | Full call number | Barcode | Date last seen | Copy number | Price effective from | Koha item type |
|---|---|---|---|---|---|---|---|---|---|---|---|---|---|---|
| Central Library, Naharkatiya College | Central Library, Naharkatiya College | General Stacks | 19/09/2020 | 030 | KUM | 25277 | 19/09/2020 | 1 | 19/09/2020 | Books |
